000 00736nam a2200193 i 4500
001 76816
003 ES-MaACL
005 20250910063106.0
007 t|
008 041005s1944 sp ||||1| spa d
100 1 _aGuillén Tato, Julio F.,
_d1897-1972
_960793
245 1 0 _aPor qué Cristóbal Colón vino a La Rábida
_b: discurso que pronunció con motivo de las Fiestas Colombinas el día 3 de agosto de 1944 en dicho Monasterio /
_cJulio F. Guillén y Tato.
260 _aMadrid :
_bCultura Hispánica,
_c1944 (
_fGráf. Ultra)
300 _a29 p., 1 lám. ;
_c19 cm.
600 1 4 _aColón, Cristóbal.
_939869
710 2 _aMonasterio de La Rábida.
_9166205
852 _aES-MaACL
_j1845-F-41
999 _c76816
_d76816